000 00434nam a22001697a 4500
999 _c264445
_d264444
003 OSt
005 20240902133443.0
008 240902b xxu||||| |||| 00| 0 eng d
020 _a9280311921
040 _cRU
100 _aCarnoy, Martin
110 _aUNESCO/IIEP
245 _aGlobalization and educational reform: What planners need to know
260 _aParis, France
_bUNESCO/IIEP
_c1999
300 _a96p
942 _2lcc
_cBK